Least Guessed Countries - Statistics

General Stats
  • This quiz has been taken 63 times
    39 since last reset
  • The average score is 11 of 15
Answer Stats
% guessed Country % Correct
24% Nauru
94%
26% Palau
86%
28% St Kitts and Nevis
86%
27% Tuvalu
86%
27% Vanuatu
86%
25% St Vincent and the Grenadines
83%
29% East Timor
78%
28% Marshall Islands
78%
25% Comoros
75%
24% São Tomé and Príncipe
75%
29% Solomon Islands
72%
25% Kiribati
69%
29% Antigua and Barbuda
67%
26% Grenada
64%
28% Guinea-Bissau
44%
No matching quizzes found
Score Distribution
Percent of People with Each Score
Percentile by Number Answered
Your Score History
You have not taken this quiz since the last reset